| 000 | 01157nam a2200313 a 4500 | ||
|---|---|---|---|
| 001 | 000112454 | ||
| 003 | CHAP | ||
| 005 | 20220329144306.0 | ||
| 008 | 160412s2016 mx sm |||||||spa d | ||
| 010 | _a108915 | ||
| 011 | _a109887 | ||
| 040 | _cCHAP | ||
| 090 | _aTesis | ||
| 100 | 1 |
_aQuiñonez Favila, Sergio Arturo _9130743 |
|
| 245 | 1 | 0 |
_aEvaluación de plaguicidas para combatir insectos descortezadores de pino del género dendroctonus (curculionidae: scolytinae) _h[En línea] _cpor Sergio Arturo Quiñonez Favila. |
| 260 |
_aChapingo, Méx. : _bEl autor, _c2016. |
||
| 500 | _aPara ver el contenido del material haga clic en la liga | ||
| 502 | _aTesis (Ing. Forestal) -- UACH. División de Ciencias Forestales | ||
| 590 |
_aE5765TAJ _b05 _c20160412 _lUCH01 _h1125 |
||
| 590 |
_aE5765TAJ _b05 _c20160412 _lUCH01 _h1126 |
||
| 650 | 1 | 4 |
_aDendroctonus _xControl. _9130745 |
| 650 | 1 | 4 |
_aInsecticidas _xAnálisis. _958856 |
| 650 | 1 | 4 |
_aPináceas _xPlagas. _988257 |
| 650 | 1 | 4 |
_aPlatypodidae _xControl químico. _9130744 |
| 856 |
_aFinding aid _uhttp://10.13.5.2/tesis/sist112454.pdf _zTeclea aquí |
||
| 901 | _aBK | ||
| 942 | _cTESIS | ||
| 942 | _n0 | ||
| 999 |
_c108915 _d108915 |
||